Регионална библиотека "Любен Каравелов" - Русе

Сборник упражнений по русскому языку для подготвительных отделений вузов (Запис номер 58778)

MARC детайли
000 -Лидер
Контролно поле с фиксирана дължина 01305nam a2200349 c 4500
003 - Код на организацията, давaща контролен номер
Контролно поле BLK
005 - Дата и час на последна редакция
Контролно поле 20250212120607.0
008 - Елементи от данни с фиксирана дължина
fixed length control field 180408b bul|||||r ||||||| ||bul||
010 ## - Наследен системен номер
LC control number KNG00062843000
020 ## - Международен стандартен номер на книга ISBN
Международен стандартен номер на книга ISBN 5-06-000198-9
-- издат.: Высшая школа
040 ## - Източник на каталожния запис
Идентификатор на билиотеката - собственик на записа BLK
041 ## - Код за език
Код за езика на текст/звукозапис или на отделно заглавие Руски
Код за езика КДБФ Руски
080 ## - УДК
Текстов определител УДК Руски език
УДК код - определител по УДК 811.161.1
УДК определител (075.8)
УДК - код + определител 811.161.1(075.8)
100 1# - Редна дума - Автор
Автор Розенталь, Дитмар Эльяшевич
Авторска отговорност първи автор
R(LIN) 367731
139 ## - Редно поле
Редна дума Розенталь, Дитмар Эльяшевич
Авторски знак Розе - Р 78
245 10 - Сведения за заглавието
Заглавие Сборник упражнений по русскому языку для подготвительных отделений вузов
Редно поле (дума) Дитмар Эльяшевич Розенталь.
250 ## - Област на изданието
Сведения за изданието 2. изд.
257 ## - Страна на издаване
Страна на създаване/издаване СССР
260 ## - Област на издателските данни
-- Москва
Име на издателя, разпространителя и проч. Высшая школа
Година на издаване 1989
300 ## - Физическа характеристика
Страници 224 с.
Размери/Мащаб 20 см
380 ## - Жанр
Жанр Езикознание. Филология
650 #4 - Допълнително описание по предмет – тема
Основно описание – тема или топоним Руски език - учебници за ВУЗ
9 (RLIN) 248838
653 ## - Ключова дума – ненормативна
Ключова дума руски език
653 ## - Ключова дума – ненормативна
Ключова дума граматика
653 ## - Ключова дума – ненормативна
Ключова дума упражнения
852 ## - Местоположение
Форматна сигнатура Цб 157592
856 4# - Електронен адрес и достъп
Електронен формат pdf - файл
Път до файла /url/
856 4# - Електронен адрес и достъп
Електронен формат pdf - файл
Път до файла /url/
942 ## - АРТИКУЛИ
Вид на библиотечния материал Книги
Скрит в OPAC Не
Koha issues (borrowed), all copies 2
944 ## - СЪЗДАВАНЕ И РЕДАКЦИЯ на ЗАПИСА
Създаване/Редакция Създаване
Дата на регистрацията/редакция 25.01.2017
Служител, извършил регистрацията/редакцията 30575
Статус, дата на статуса Мартин Енчев
944 ## - СЪЗДАВАНЕ И РЕДАКЦИЯ на ЗАПИСА
Създаване/Редакция Редакция
Дата на регистрацията/редакция 25.01.2017
Служител, извършил регистрацията/редакцията Кети_Илиева
999 ## - СИСТЕМНИ КОНТРОЛНИ НОМЕРА
Koha biblionumber 58778
Koha biblioitemnumber 58778
Наличности
Код за отписване Код за изгубен артикул Източник на класификационната схема Код за повреда Коз за рестрикции Код за отдаване Артикулен № Име на библиотеката - собственик Име на библиотеката, в която се намира в момента Статус (Текущо местоположение) Дата на вписване в системата Местоположение - отдел Цена в лева Инвентарен номер Систематично азбучна сигнатура Баркод Номер на екземпляра Цена в евро Служебна бележка Служебен тип на артикула
Изтеглен Не е изгубен Universal Decimal Classification Не е повреден без рестрикции заемане за дома 95794 Регионална библиотека "Любен Каравелов" Русе Регионална библиотека "Любен Каравелов" Русе Заемна - подръчен фонд 1989-01-01 Заемна - подръчен фонд 0.40 515738 П 808.2/Р 78 515738 1 0.20 Вид: Сф Дата: 01.01.1989 Дата инв: 08.02.2018 Бележки инв: П2018 Книги
  Не е изгубен Universal Decimal Classification Не е повреден без рестрикции заемане за дома 95795 Регионална библиотека "Любен Каравелов" Русе Регионална библиотека "Любен Каравелов" Русе Заемна - подръчен фонд 1989-01-01 Заемна - подръчен фонд 0.40 515787 811/Р 78 120000515787 2 0.20 Вид: Сф Дата: 01.01.1989 Дата инв: 08.02.2018 Бележки инв: П2018 Книги
Vip Innovations Ltd, Rousse, Bulgaria 2025